00253nam a2200097Ia 4500008004100000100001800041245004200059260003800101300000800139650000800147191201s2009 xx 000 0 und d aGoyal, Manish 0aComputer Based numerical & Statistics c2009bLaxmi PublicationsaN.Delhi a588 aMCA